LEADER 01403nam a2200325 u 4500 001 000000063620 003 CaOOAMICUS 005 20070226121251.0 008 011031s1992 it u000 u ita u 020 $a8870941132 035 $a10908516 040 $aPUL(R)$bita$dPUL(R) 100 1 $aD'Avenia, Marco,$d1966-$0(OLS)http://pul/name/13322 245 13$aLa conoscenza per connaturalità in S.Tommaso D'Aquino /$cMarco D'Avenia. 260 $aBologna :$bEdizioni studio domenicano,$cc1992. 300 $a219 p. ;$c23 cm 490 1 $aStudi tomistici ;$v1 504 $aBibliografia in nota. 600 04$aThomas Aquinas,$cs.,$dc. 1225-1274.$0(OLS)http://pul/subject/448 830 0$aStudi tomistici ;$v1.$0(OLS)http://pul/title/3524 850 $aPUL 852 $aPUL$W1$xSL Religione 1$y3$m76 A 1$j82544$nBK-PRI$b $qStampati$B82544$CPULBib$Z2$F82544 $H $81 852 $aPUL$W1$xDP1 Fondo Bordoni$y120$m2 B 82$j156995$qFondi$B172405$CPULBib$Z2$F172405 $HBor1520 $81 941 1 $a1 941 1 $a8 960 $aTommaso d'Aquino,$cs.,$d1225-1274$9448 961 $aINV: 69428 996 $6020$a8870941132$9(OLS)http://pul/number/82560 996 $6245$aLa conoscenza per connaturalità in S.Tommaso D'Aquino$9(OLS)http://pul/title/84815 996 $6260$aBologna :$bEdizioni studio domenicano$9(OLS)http://pul/publisher/69788 LEADER 01381nam a2200289 u 4500 001 000000072074 003 CaOOAMICUS 005 20091023124933.0 008 020610s1979 gw u000 u ger u 035 $a10932776 040 $aPUL(R)$bita 041 1 $ager$hdut 100 1 $aMaas, C.$0(OLS)http://pul/name/47725 240 10$aAffektiviteit en Celibaat : op basis van een onderzoek van de Nederlandstalige literatur 1960-1978.$lTedesco.$0(OLS)http://pul/title/94836 245 10$aAkketivität und Zölibat : /$cdargestellt Aufgrung einer Untersuchung der hölländischen Literatur 1960-1978 dr. C. Maas. 260 $a[S.l.] :$bSteyler Verlag,$c1979. 300 $a253 p. ;$c24 cm 490 1 $aVeröffentlchungen des Missionspriesterseminar St. Augustin bei Bonn ;$v31 504 $aNote bibliografiche a piè pagina. 650 4$aCelibato ecclesiastico e religioso.$0(OLS)http://pul/subject/5927 830 0$aVeröffentlchungen des Missionspriesterseminar St. Augustin bei Bonn ;$v31.$0(OLS)http://pul/title/94838 850 $aPUL 852 $aPUL$W1$xDP1 Religione 1$y20$m558 A 20$j93263$nBK-PRI$b $qStampati$B93263$CPULBib$Z2$F93263 $H $81 941 1 $a8 961 $aINV: 59626 996 $6245$aAkketivität und Zölibat :$9(OLS)http://pul/title/94837 996 $6260$a[S.l.] :$bSteyler Verlag$9(OLS)http://pul/publisher/73807